000 00678nam a2200265Ia 4500
005 20260324152911.0
008 008 260324s9999 xx 000 0 eng d
020 _a9781782421658
037 _aEBOOK
040 _aCRL
040 _beng
040 _cCRL
041 _2eng
041 _aeng
084 _qCRL
100 _aJauregui, J C
_91230051
245 0 _aParameter Identification And Monitoring Of Mechanical Systems Under Nonlinear Vibration
260 _bElsevier
260 _c2014
650 _aEngineering
856 _uhttps://www.sciencedirect.com/science/book/9781782421658
942 _cEBOOK
999 _c1841051
_d1841051